00309nam a2200121Ia 4500008004100000020001800041040001200059082001400071100001900085245003300104260003700137300001300174200103s9999||||xx |||||||||||||| ||und|| a9780521395168 aIMU-MPC aColumn-11 aWarrick, R. A. 0aClimate and sea level change bCambridge University Pressc1993 axvi, 424